Assembly language programming for the 80386

The authors provide a comprehensive guide to Assembly language for the Intel 8086 family through to 80386. The programmer reading this book will be able to write efficient assembly programs, understand extended and protected mode, and be familiar with Microsoft's Macro Assembler.

Uloženo v:
Podrobná bibliografie
Hlavní autor: Fernandez, Judi N.
Médium: Kniha
Jazyk:Undetermined
Vydáno: New York McGraw-Hill Pub. 1990
Témata:
Tagy: Přidat tag
Žádné tagy, Buďte první, kdo otaguje tento záznam!
Thư viện lưu trữ: Trung tâm Học liệu Trường Đại học Cần Thơ
LEADER 00961nam a2200205Ia 4500
001 CTU_186686
008 210402s9999 xx 000 0 und d
020 |c 4 
082 |a 005.265 
082 |b F363 
100 |a Fernandez, Judi N. 
245 0 |a Assembly language programming for the 80386 
245 0 |c Judi N. Fernandez, Ruth Ashley 
260 |a New York 
260 |b McGraw-Hill Pub. 
260 |c 1990 
520 |a The authors provide a comprehensive guide to Assembly language for the Intel 8086 family through to 80386. The programmer reading this book will be able to write efficient assembly programs, understand extended and protected mode, and be familiar with Microsoft's Macro Assembler. 
650 |a Intel 80386 (Microprocessor),Assembly languages (Electronic computers),Intel 80386 (vi xử lý),Ngôn ngữ Assembly (máy tính điện tử) 
904 |i Trúc 
980 |a Trung tâm Học liệu Trường Đại học Cần Thơ